Global warming and terrestrial biodiversity decline (Registro nro. 1841)

Detalles MARC
000 -CABECERA
Campo de control 00591nam a2200205 a 4500
005 - FECHA Y HORA DE LA ULTIMA TRANSACCION
Campo de control 20191217041653.0
008 - ELEMENTOS DE LONGITUD FIJA—INFORMACION GENERAL
Campo de control 160120b xxu||||| |||| 00| 0 spa d
040 ## - FUENTE DE CATALOGACIÓN
Agencia catalogadora original CO-BoIAVH
Agencia transcriptora CO-BoIAVH
041 ## - IDIOMA
Código de idioma para texto/pista de sonido o título separado Inglés
082 ## - NUMERO DE CLASIFICACION DECIMAL DEWEY
Número de clasificación 551.6 W97g
Número del ítem W97g
100 1# - ASIENTO PRINCIPAL--NOMBRE PERSONAL
Nombre personal Malcolm, Jay R.
9 (RLIN) 53029
245 1# - MENCION DE TITULO
Título Global warming and terrestrial biodiversity decline
260 ## - PUBLICACION, DISTRIBUCION, ETC. (PIE DE IMPRENTA)
Lugar de publicación, distribución, etc. Gland
Nombre del editor, distribuidor, etc. WWF International
Fecha de publicación, distribución, etc. 2000
300 ## - DESCRIPCION FISICA
Extensión 34 paginas.
650 #6 - ASIENTO SECUNDARIO DE MATERIA - TERMINO TEMATICO
Término temático o nombre geográfico como elemento de entrada Cambio global
9 (RLIN) 4262
650 #6 - ASIENTO SECUNDARIO DE MATERIA - TERMINO TEMATICO
Término temático o nombre geográfico como elemento de entrada Biodiversidad
9 (RLIN) 92204
650 #6 - ASIENTO SECUNDARIO DE MATERIA - TERMINO TEMATICO
Término temático o nombre geográfico como elemento de entrada Pérdida de biodiversidad
9 (RLIN) 342
700 ## - ASIENTO SECUNDARIO - NOMBRE PERSONAL
Nombre personal Markham, Adam
9 (RLIN) 53031
942 ## - ELEMENTOS ADICIONALES (KOHA)
Tipo de ítem Libro
Sistema de clasificación Dewey Decimal Classification
Existencias
Withdrawn status Lost status Sistema de Clasificación Damaged status No para préstamo Colección Inventariado Ubicación Permanente Ubicación actual Fecha de adquisición Fuente de Valor Valor Total Checkouts Número topográfico Inventario / Código de Barras Date last seen Ejemplar Price effective from Forma de adquisición Tipo de material
    Dewey Decimal Classification     General Inventariado 2017 Bogotá Bogotá 24/01/2001 Instituto 39000.00   LB-551.6 W97g 002306 04/12/2012 Ej.1 04/12/2012   Libro